<?xml version="1.0" encoding="UTF-8"?>
<record
    xmlns:xsi="http://www.w3.org/2001/XMLSchema-instance"
    xsi:schemaLocation="http://www.loc.gov/MARC21/slim http://www.loc.gov/standards/marcxml/schema/MARC21slim.xsd"
    xmlns="http://www.loc.gov/MARC21/slim">

  <leader>01958nam a2200265 a 4500</leader>
  <controlfield tag="001">000000834</controlfield>
  <controlfield tag="005">20200929145423.0</controlfield>
  <controlfield tag="008">090527s2001    sp c          000 0 spa d</controlfield>
  <datafield tag="020" ind1=" " ind2=" ">
    <subfield code="a">8475560318</subfield>
  </datafield>
  <datafield tag="020" ind1=" " ind2=" ">
    <subfield code="a">9788475560311</subfield>
  </datafield>
  <datafield tag="040" ind1=" " ind2=" ">
    <subfield code="a">DO-SdBNP</subfield>
    <subfield code="b">spa</subfield>
    <subfield code="c">BNPHU</subfield>
  </datafield>
  <datafield tag="082" ind1=" " ind2=" ">
    <subfield code="a">A863.44</subfield>
    <subfield code="b">C869j</subfield>
  </datafield>
  <datafield tag="100" ind1="1" ind2=" ">
    <subfield code="a">Coust&#xE9;, Alberto</subfield>
    <subfield code="9">2943</subfield>
  </datafield>
  <datafield tag="245" ind1="1" ind2="3">
    <subfield code="a">Julio Cort&#xE1;zar /</subfield>
    <subfield code="c">Alberto Coust&#xE9;.</subfield>
  </datafield>
  <datafield tag="260" ind1=" " ind2=" ">
    <subfield code="a">Barcelona :</subfield>
    <subfield code="b">Oc&#xE9;ano,</subfield>
    <subfield code="c">2001.</subfield>
  </datafield>
  <datafield tag="300" ind1=" " ind2=" ">
    <subfield code="a">222 p. :</subfield>
    <subfield code="b">retrs. ;</subfield>
    <subfield code="c">22 cm.</subfield>
  </datafield>
  <datafield tag="490" ind1="0" ind2=" ">
    <subfield code="a">El lector de...</subfield>
  </datafield>
  <datafield tag="490" ind1="0" ind2=" ">
    <subfield code="a">Especial</subfield>
  </datafield>
  <datafield tag="504" ind1=" " ind2=" ">
    <subfield code="a">Incluye referencias bibliogr&#xE1;ficas</subfield>
  </datafield>
  <datafield tag="505" ind1="0" ind2=" ">
    <subfield code="a">Nota previa-- Los cort&#xE1;zares de Cort&#xE1;zar -- El escritor -- El hombre de andar por casa -- El hombre p&#xFA;blico -- Otra variante de lo mismo o para empezar a entendernos -- En el camino -- Del lado de all&#xE1; -- Final del juego -- Una vida -- Los a&#xF1;os argentinos: infancia y adolescencia -- Los a&#xF1;os argentinos: la prolongada juventud (1935-1949) -- Los a&#xF1;os de transici&#xF3;n o el heterog&#xE9;neo decenio de los cincuenta -- El tiempo cenital de los a&#xF1;os sesenta -- El revolucionario conflictivo -- El maestro zen o de aqu&#xED; a la eternidad -- Una obra -- Exploraciones a tiendas o del buceo como una de las bellas artes -- La gimnasia combinatoria -- En torno al Ecuador -- Nada es lo que parece -- Levitando por ah&#xED; -- Un testimonio: Paco Porr&#xFA;a o esa forma de la alteridad -- El otro viajero de ida y vuelta -- As&#xED; que pasan veinte a&#xF1;os -- Ahora aqu&#xED; -- Antolog&#xED;a -- Pameos y meopas -- Ceremonias -- Almanaques -- Cronolog&#xED;a -- Bibliograf&#xED;a -- Obras de Julio Cort&#xE1;zar -- Obras sobre Julio Cort&#xE1;zar -- Ap&#xE9;ndice -- A manera de conclusi&#xF3;n o pr&#xF3;logo para un ep&#xED;logo o una de tantas formas de recomenzar -- Julio Cort&#xE1;zar: la construcci&#xF3;n de la figura.</subfield>
  </datafield>
  <datafield tag="600" ind1="1" ind2="4">
    <subfield code="a">CORT&#xC1;ZAR, JULIO,</subfield>
    <subfield code="d">1914-1984</subfield>
    <subfield code="x">CR&#xCD;TICA E INTERPRETACI&#xD3;N</subfield>
    <subfield code="9">2944</subfield>
  </datafield>
  <datafield tag="600" ind1="1" ind2="4">
    <subfield code="a">CORT&#xC1;ZAR, JULIO,</subfield>
    <subfield code="d">1914-1984</subfield>
    <subfield code="x">COLECCIONES</subfield>
    <subfield code="9">2945</subfield>
  </datafield>
  <datafield tag="830" ind1=" " ind2="0">
    <subfield code="a">El lector de...</subfield>
    <subfield code="9">2946</subfield>
  </datafield>
  <datafield tag="830" ind1=" " ind2="0">
    <subfield code="a">Especial</subfield>
    <subfield code="9">2947</subfield>
  </datafield>
  <datafield tag="952" ind1=" " ind2=" ">
    <subfield code="0">0</subfield>
    <subfield code="1">0</subfield>
    <subfield code="5">2</subfield>
    <subfield code="7">5</subfield>
    <subfield code="8">DS</subfield>
    <subfield code="a">BNPHU</subfield>
    <subfield code="b">BNPHU</subfield>
    <subfield code="c">HD</subfield>
    <subfield code="d">2009-08-26</subfield>
    <subfield code="i">LF1</subfield>
    <subfield code="l">0</subfield>
    <subfield code="o">A863.44 C869j</subfield>
    <subfield code="p">834-10</subfield>
    <subfield code="r">2020-06-25</subfield>
    <subfield code="w">2020-06-25</subfield>
    <subfield code="y">LF1</subfield>
    <subfield code="Z">Pr&#xE9;stamo interno</subfield>
  </datafield>
  <datafield tag="999" ind1=" " ind2=" ">
    <subfield code="c">830</subfield>
    <subfield code="d">830</subfield>
  </datafield>
</record>
